000 01431nam a2200265 a 4500
001 000035702
005 20220729102834.0
008 110427s2011 dr 001 0 spa d
020 _a9789945164244
040 _aDO-SdBNP
_bspa
_cBNPHU
082 _a345.025
_bR426L, 2011
110 1 _aRepública Dominicana.
_9447
240 1 0 _a[Leyes, etc.]
245 1 0 _aLey 137-03 sobre tráfico ilícito de migrantes y trata de personas.
260 _aSanto Domingo :
_bOIM,
_c2011.
300 _a69 p. ;
_c21 cm.
505 0 _gPresentación --
_tLey 137-03 sobre tráfico ilícito de migrantes y trata de personas --
_tProtocolo para prevenir, reprimir y sancionar la trata de personas, especialmente mujeres y niños, que complementa la Convención de las Naciones Unidas contra la delincuencia organizada transnacional --
_tProtocolo facultativo de la Convención sobre los Derechos del Niño relativo a la venta de niños, la prostitución infantil y la utilización de niños en la pornografía --
_tDirectorio
590 _aInventariado,2018/DG
650 4 _aEmigración e inmigración
_xLegislación
_zRepública Dominicana
_956697
650 4 _aCrimen organizado
_xLegislación
_zRepública Dominicana
_956698
651 4 _aRepública Dominicana
_xLeyes
_916541
651 4 _aRepública Dominicana
_xLey 137-03
_956699
710 2 _a Organización Internacional para las Migraciones
_92058
910 _aValidado. Control de calidad EMS
999 _c35193
_d35193